000 00328nam a2200145Ia 4500
100 _aCobbold/ R.S.C.
942 _cBK
654 _atransducers
245 _aTransducers for Biomedical measurement
260 _bJohn Wiley
_aNew Delhi
_c1974
082 _a610.28
_bCOB
300 _a486
546 _aENGLISH
999 _c27625
_d27625